| 000 | 02407nam a2200457 c 4500 | ||
|---|---|---|---|
| 003 | BLK | ||
| 005 | 20180422100122.0 | ||
| 008 | 180407b bul|||||r ||||||| ||bul|| | ||
| 010 | _aKNG00035201000 | ||
| 020 |
_a954-9761-13-4 _bиздат.: Световит |
||
| 040 | _aBLK | ||
| 041 |
_aBUL _cBUL |
||
| 080 |
_aОргани на обществения ред. Полиция. Обществена власт. Доброволни отреди. Държавна сигурност. Милиция. Дейност на полицията по вътрешно разузнаване _b351.74 _x(497.2)(092)(093) _z351.74(497.2)(092)(093) |
||
| 080 |
_aОтрицателното отношение на населението към държавата. Несъгласие. Съпротива. Бунт. Вж и 329.73 _b323.22 _x(497.2)(092)(093) _z323.22(497.2)(092)(093) |
||
| 080 |
_aРедакционни работници. Журналисти _b070.42 _x(497.2)(093) _z070.42(497.2)(093) |
||
| 080 |
_a _b929 Мерджанов, Стоян Христов _x _z929 Мерджанов, Стоян Христов |
||
| 100 | 1 |
_aМерджанов, Стоян Христов _eпърви автор _9272346 |
|
| 139 |
_aМерджанов, Стоян Христов _bМ 49 |
||
| 245 | 1 | 0 |
_aКаквото и да ви кажа - не ми вярвайте... _bДок. изповед _cСтоян Христов Мерджанов. |
| 257 | _aBGR | ||
| 260 |
_аСофия _bСветовит _c2001 _fВраца : Полипринт |
||
| 300 |
_a310 с. _bс факс., портр. _c20 см |
||
| 380 | _a3 | ||
| 490 | 1 | _aХристо Калчев представя | |
| 500 | _aОфс. изд. | ||
| 600 | 1 | 4 |
_aМерджанов, Стоян Христов _9366831 |
| 650 | 4 |
_aДържавна сигурност - България _9254494 |
|
| 650 | 4 |
_aПолитически репресии - България - история _9272347 |
|
| 650 | 4 |
_aЖурналисти, български - биографии _9265980 |
|
| 650 | 4 |
_aМерджанов, Стоян Христов _9366831 |
|
| 653 | _aСтоян Мерджанов | ||
| 653 | _aжурналисти | ||
| 653 | _aрепресии | ||
| 653 | _aполитически репресии | ||
| 653 | _aБългария | ||
| 852 | _aЦб 207431 | ||
| 856 | 4 |
_qpdf _u |
|
| 856 | 4 |
_qpdf _u |
|
| 942 |
_cKNG _n0 |
||
| 944 |
_aCR _c11.04.2003 _kAB_DOS |
||
| 944 |
_aED _c11.04.2003 _k |
||
| 999 |
_c32528 _d32528 |
||